Statistics for Carnivorous Plants by Picture

Click here to take the quiz!

General Stats

  • This quiz has been taken 15 times
  • The average score is 4 of 6

Answer Stats

Answer% Correct
Venus Fly Trap
100%
Sundew
85%
Pitcher Plant
77%
Bladderwort
38%
Butterwort
38%
Cobra Lily
38%

Score Distribution

Percentile by Number Answered

Percent of People with Each Score

Your Score History

You have not taken this quiz